Datum a čas kvízu
28
Celkem bodů
Celkový počet nahraných bodů na tomto kvízu bez doplňovacích otázek.
5.
Pořadí na kvízu
Konečné umístění týmu na tomto kvízu.
Zaznamenané odpovědi
| # | Otázka | Odpověď | Body | Výsledky |
|---|---|---|---|---|
| 1. | Muž jménem Martin Vondrášek se... | policejní prezident | 1 | |
| 2. | Ve které evropské zemi začaly... | v Maďarsku | 1 | |
| 3. | Který 67letý americký herec ve... | Bruce Willis | 1 | |
| 4. | Česká technologie S.A.W.E.R. v... | vodu (z pouštního vzduchu) | 1 | |
| 5. | Jak se jmenuje nová světová je... | Iga Świąteková | 1 | |
| 6. | Operace Iceberg (česky Ledovec... | na ostrově Okinawa | 1 | |
| 7. | Desková hra Krycí jména vydaná... | Mindok | 0 | |
| 8. | Od 29. prosince 1941 do 18. če... | Jan Kubiš a Jozef Gabčík | 0 | |
| 9. | Vzpomenete si na název životop... | Krycí jméno Donnie Brasco (originální název Donnie Brasco) | 0 | |
| 10. | Richard Bachman je pseudonym z... | Stephen King | 0 |